Historia del principe Soly, llamado Prenamy y de la princesa Felee

Na minha lista:
Detalhes bibliográficos
Autor principal: Pajon, Henri (autor)
Outros Autores: Mellafe Rojas, Rolando Bernardo (autor)
Formato: Livro
Idioma:espanhol
Publicado em: Santiago Eds. de la Universidad de Chile 1987
coleção:Curiosa americana, 7
Assuntos:
Tags: Adicionar Tag
Sem tags, seja o primeiro a adicionar uma tag!

MARC

LEADER 00000nam a2200000 a 4500
001 UCY3090
003 CL-VaPUC
008 941212e19870000CL |||||||||||||||||spa|d
082 0 4 |a 843  |b PAJ  |2 21 
100 |a Pajon, Henri  |e autor  |9 331284 
700 |a Mellafe Rojas, Rolando Bernardo  |e autor  |9 617190 
245 1 0 |a Historia del principe Soly, llamado Prenamy y de la princesa Felee 
300 |a 261 p 
942 |c BK 
945 |d 19941212 00:00:00  |a mfernand 
260 |a Santiago  |b Eds. de la Universidad de Chile  |c 1987 
650 0 |a Novela francesa  |9 264985 
583 |a last modification  |c 19941212 00:00:00  |k Rodrigo Vera 
490 0 |a Curiosa americana, 7 
999 |c 231320  |d 231318 
952 |0 0  |1 0  |4 0  |6 843_000000000000000_PAJ_1987  |7 0  |8 A  |9 234464  |a BIBEDU  |b BIBEDU  |d 2019-11-15  |i 3042413  |o 843 PAJ 1987  |p 3042413  |r 2019-11-15  |w 2019-11-15  |y BK  |k LIT